The Great British Coin Hunt Quiz - Statistics

General Stats
  • This quiz has been taken 5 times
  • The average score is 8 of 26
Answer Stats
Hint Answer % Correct
T Tea
80%
A Angel of the North
40%
D Double Decker Bus
40%
E English Breakfast
40%
F Fish and Chips
40%
L Loch Ness Monster
40%
Q Queue
40%
S Stonehenge
40%
U Union Flag
40%
Z Zebra Crossing
40%
B Bond
20%
C Cricket
20%
G Greenwich Mean Time
20%
H Houses of Parliament
20%
I Ice Cream
20%
J Jubilee
20%
K King Arthur
20%
M Mackintosh
20%
N NHS
20%
O Oak
20%
P Post Box
20%
R Robin
20%
V Village
20%
W World Wide Web
20%
X X Marks the Spot
20%
Y Yeoman Warder
20%
No matching quizzes found
Score Distribution
Percent of People with Each Score
Percentile by Number Answered
Your Score History
You have not taken this quiz